| 000 | 00605nam a2200193 i 4500 | ||
|---|---|---|---|
| 001 | 134892 | ||
| 003 | ES-MaACL | ||
| 005 | 20240430105749.0 | ||
| 007 | t| | ||
| 008 | 070703s1966 sp ||||1| spa d | ||
| 080 | _a343.977.3"18/"19" | ||
| 100 | 1 |
_aThorwald, Jürgen. _9110160 |
|
| 245 | 1 | 3 |
_aEl siglo de la investigación criminal / _cJürgen Thorwald ; [traducción del alemán por Feliu Formosa]. |
| 260 |
_aBarcelona : _bLabor, _c1966. |
||
| 300 |
_aXX, 713 p. : _bil. ; _c22 cm. |
||
| 700 | 1 |
_aFormosa, Feliu, _d1934- _951759 |
|
| 852 |
_aES-MaACL _jG-5053 _bR.60745 |
||
| 999 |
_c134892 _d134892 |
||